[Event "Ceske Budejovice op"]
[Site "Ceske Budejovice"]
[Date "2021.07.04"]
[Round "4"]
[White "Dvorak, Milan"]
[Black "Zednicek, Filip"]
[Result "1-0"]
[WhiteElo "1841"]
[BlackElo "1548"]
[PlyCount "73"]
[EventDate "2021.07.01"]
[EventType "swiss"]
[EventRounds "9"]
[EventCountry "CZE"]
[SourceTitle "CBM 203 Extra"]
[Source "ChessBase"]
[SourceDate "2021.09.30"]
[SourceVersion "1"]
[SourceVersionDate "2021.09.30"]
[SourceQuality "1"]

1. e4 e5 2. Nf3 Nc6 3. Bc4 Nf6 4. Nc3 Nxe4 5. Nxe4 d5 6. Bb5 dxe4 7. Nxe5 Qd5 8. Nxc6 Qxb5 9. Nd4 Qd5 10. Ne2 Bd6 11. d4 exd3 12. Qxd3 Qxg2 13. Rg1 Qxh2 14. Rxg7 Qe5 15. Rg5 Qe7 16. Be3 Be6 17. Qb5+ c6 18. Qa4 a6 19. 0-0-0 0-0-0 20. Nd4 Bd7 21. Rh5 c5 22. Qc4 b5 23. Qc3 Be5 24. Nc6 Bxc6 25. Rxe5 Rxd1+ 26. Kxd1 Qd6+ 27. Kc1 Rd8 28. b3 c4 29. Rc5 Kb7 30. bxc4 Rg8 31. Kb2 Rg4 32. cxb5 Bxb5 33. a3 Rh4 34. Rf5 Qd7 35. Qc5 Kb8 36. Qb6+ Ka8 37. Rd5 1-0

[Event "CZE-chT1E 1920"]
[Site "Czech Republic"]
[Date "2019.11.10"]
[Round "2.4"]
[White "Dvorak, Milan"]
[Black "Babula, Vlastimil1111"]
[Result "0-1"]
[WhiteElo "1809"]
[BlackElo "1906"]
[PlyCount "162"]
[EventDate "2019.10.20"]
[EventType "team-tourn"]
[EventRounds "11"]
[EventCountry "CZE"]
[SourceTitle "CBM 193 Extra"]
[Source "ChessBase"]
[SourceDate "2020.01.31"]
[SourceVersion "1"]
[SourceVersionDate "2020.01.31"]
[SourceQuality "1"]
[WhiteTeam "Rychnov nad Kneznou"]
[BlackTeam "Stare Mesto"]
[WhiteTeamCountry "CZE"]
[BlackTeamCountry "CZE"]

1. b3 Nf6 2. Bb2 d5 3. e3 e6 4. Nf3 Be7 5. Be2 0-0 6. 0-0 b6 7. Ne5 Bb7 8. f4 c5 9. d3 Nc6 10. Nxc6 Bxc6 11. Nd2 Nd7 12. Nf3 f6 13. Qe1 Qc7 14. Qg3 Bd6 15. Qg4 Rae8 16. Nh4 Nb8 17. Rae1 f5 18. Qg5 Qe7 19. Qxe7 Rxe7 20. Nf3 Nd7 21. d4 Nf6 22. Bd3 Rc7 23. Ne5 Bb7 24. c3 Ne4 25. Bxe4 fxe4 26. Rc1 Ba6 27. Rf2 cxd4 28. exd4 Rfc8 29. Rfc2 g5 30. fxg5 Be7 31. h4 h6 32. Ng6 Bd6 33. gxh6 Bg3 34. Ba3 Kh7 35. Nf8+ Kxh6 36. Nxe6 Rc6 37. Ng5 Bd3 38. Nf7+ Kg7 39. Ne5 Bxe5 40. dxe5 Bxc2 41. Rxc2 Rxc3 42. Rxc3 Rxc3 43. e6 Rc2 44. h5 Rc8 45. Kf2 Kf6 46. e7 Kf7 47. Ke3 Rc2 48. g4 Rh2 49. Kf4 Ke8 50. Bd6 Rh3 51. Bb4 a5 52. Be1 Kxe7 53. Ke5 Rd3 54. Kf4 e3 55. Kf3 Kf7 56. Ke2 Rd4 57. g5 Re4 58. Kf3 e2 59. Kf2 d4 60. Kf3 Re3+ 61. Kf2 Re5 62. Bd2 e1Q+ 63. Bxe1 Rxg5 64. h6 Rh5 65. Bd2 Ke6 66. Ke2 Kf5 67. Kd3 Rh3+ 68. Kc2 Ke4 69. a3 Rh2 70. a4 Rg2 71. b4 axb4 72. h7 Rh2 73. h8Q Rxh8 74. Bxb4 Rh3 75. a5 bxa5 76. Bxa5 Rh2+ 77. Bd2 Rg2 78. Kc1 Kd3 79. Bb4 Rg1+ 80. Kb2 Ke2 81. Bc5 d3 0-1